000 00628nam a2200205 a 4500
001 000043623
005 20201002044902.0
008 140331s1970 sp 000 0 spa d
040 _aDO-SdBNP
_bspa
_cBNPHU
082 _a843.8
_bF587m
100 1 _aFlaubert, Gustave
_d1821-1880
_95303
245 1 0 _aMadame Bovary /
_cFlaubert; prólogo Manuel Martínez Camaro.
260 _aMadrid :
_bLibra,
_c1970.
300 _av. ;
_c17 cm.
490 1 _aPurpura
_v18
_v19
650 4 _aNovela francesa
_91075
650 4 _aLiteratura francesa
_91074
700 1 2 _aMartínez Camaro, Manuel
_eprol.
_971449
830 0 _aPurpura
_n18
_n19
_971450
999 _c43112
_d43112